LIBRARY & INFORMATION CENTRE, KCAET, TAVANUR

ONLINE PUBLIC ACCESS CATALOGUE (OPAC)

Machine design / (Record no. 4669)

MARC details
000 -LEADER
fixed length control field 00451cam a2200181ua 4500
041 ## - LANGUAGE CODE
Language code of text/sound track or separate title mal
082 ## - DEWEY DECIMAL CLASSIFICATION NUMBER
Classification number 621.815
Item number MOV/MA
100 ## - MAIN ENTRY--AUTHOR NAME
Personal name Mounin , M .
245 ## - TITLE STATEMENT
Title Machine design /
260 ## - PUBLICATION, DISTRIBUTION, ETC. (IMPRINT)
Place of publication Thiruvananthapuram :
Name of publisher State Instititute of Languages ,
Year of publication 1974.
300 ## - PHYSICAL DESCRIPTION
Number of Pages 420 ; .
700 1# - ADDED ENTRY--PERSONAL NAME
Personal name Goltzikker, .
942 ## - ADDED ENTRY ELEMENTS (KOHA)
Koha item type Books
Holdings
Withdrawn status Lost status Damaged status Home library Current library Date acquired Full call number Accession Number Koha item type
      KAUAET KAUAET 07/04/2012 621.815 14123 Books
Withdrawn     KAUAET KAUAET 02/02/2021 621.815 MOV/MA 7961 Books
free website counter